[Event "5th American Continental"]
[Site "Sao Paulo BRA"]
[Date "2009.07.26"]
[Round "2.45"]
[White "Santos, Marcus Vinicius Moreira"]
[Black "Shumyatsky, Victor"]
[Result "1/2-1/2"]
[WhiteElo "2390"]
[BlackElo "2175"]
[EventDate "2009.07.25"]
[PlyCount "99"]

1.d4 Nf6 2.c4 e6 3.Nc3 Bb4 4.a3 Bxc3+ 5.bxc3 c5 6.e3 Nc6 7.Bd3 O-O 8.Ne2 
b6 9.e4 Ne8 10.e5 Ba6 11.Qc2 h6 12.g4 d5 13.Bh7+ Kh8 14.cxd5 exd5 15.Bd3 
Bxd3 16.Qxd3 cxd4 17.cxd4 Qh4 18.h3 Qe7 19.O-O Nc7 20.Be3 Rac8 21.Ng3 f6 
22.Rac1 Ne6 23.Nf5 Qd7 24.f4 fxe5 25.fxe5 Ne7 26.Rce1 Rb8 27.Rf2 Rf7 28.
Ref1 Rbf8 29.Qd2 Nd8 30.Nd6 Rxf2 31.Rxf2 Rxf2 32.Qxf2 Kg8 33.Kg2 Nc8 34.
Nf5 Qe6 35.Qf3 Nc6 36.h4 N6e7 37.h5 a5 38.Bf2 Nc6 39.Bh4 b5 40.g5 hxg5 41.
Bxg5 b4 42.axb4 axb4 43.h6 Qg6 44.Qxd5+ Kh7 45.Ng3 Qxg5 46.Qxc6 Qd2+ 47.
Kf1 Qd1+ 48.Kg2 Qd2+ 49.Kf1 Qd1+ 50.Kg2 1/2-1/2

[Event "5th American Continental"]
[Site "Sao Paulo BRA"]
[Date "2009.07.26"]
[Round "2.46"]
[White "Aguilar, Andres"]
[Black "Cori Tello, Deysi"]
[Result "1-0"]
[WhiteElo "2191"]
[BlackElo "2390"]
[EventDate "2009.07.25"]
[PlyCount "97"]

1.e4 e6 2.d4 d5 3.Nc3 Bb4 4.e5 c5 5.a3 Bxc3+ 6.bxc3 Ne7 7.Qg4 Kf8 8.h4 
Nbc6 9.Bd3 Qa5 10.Bd2 Qa4 11.Qd1 cxd4 12.cxd4 Nxd4 13.h5 h6 14.Kf1 Bd7 15.
Rb1 Bb5 16.Bb4 a6 17.Rh4 Qxc2 18.Rxd4 Qxd1+ 19.Rxd1 Ke8 20.Bxb5+ axb5 21.
Bxe7 Kxe7 22.Rb4 Ra5 23.a4 f6 24.Nf3 fxe5 25.Nxe5 Rc8 26.Rxb5 Rxb5 27.axb5
Rc5 28.Rb1 Kd6 29.f4 Rc2 30.b6 Kc5 31.Rb2 Rxb2 32.Nd3+ Kxb6 33.Nxb2 Kc5 
34.Ke2 Kd4 35.Nd3 b5 36.g3 Kc3 37.Nc5 d4 38.Nxe6 d3+ 39.Kd1 Kc4 40.Nxg7 b4
41.Nf5 b3 42.Ne3+ Kd4 43.Nf1 Ke4 44.Nd2+ Kf5 45.Nxb3 Kg4 46.Kd2 Kxh5 47.
Kxd3 Kg4 48.Ke4 Kh5 49.f5 1-0

[Event "5th American Continental"]
[Site "Sao Paulo BRA"]
[Date "2009.07.26"]
[Round "2.47"]
[White "Van Riemsdijk, Herman Claudius"]
[Black "Leal, Paulo Tarcisio Garcia"]
[Result "1-0"]
[WhiteElo "2380"]
[BlackElo "2172"]
[EventDate "2009.07.25"]
[PlyCount "45"]

1.e4 c6 2.d4 d5 3.f3 dxe4 4.fxe4 e5 5.Nf3 exd4 6.Bc4 Be6 7.Bxe6 fxe6 8.O-O
Be7 9.Nxd4 Qd6 10.Bf4 Qd7 11.Bxb8 Rxb8 12.Qh5+ Kd8 13.Rd1 Kc8 14.Nc3 g6 
15.Qa5 b6 16.Qa6+ Rb7 17.Nb3 Qe8 18.Qc4 Bf8 19.Nb5 Bc5+ 20.Nxc5 cxb5 21.
Nxb7+ Kxb7 22.Qd4 Nh6 23.Qg7+ 1-0

[Event "5th American Continental"]
[Site "Sao Paulo BRA"]
[Date "2009.07.26"]
[Round "2.48"]
[White "Orsini, Antonio"]
[Black "Feliciano, Vanessa"]
[Result "1-0"]
[WhiteElo "2376"]
[BlackElo "2112"]
[EventDate "2009.07.25"]
[PlyCount "117"]

1.e4 c5 2.Nf3 e6 3.Nc3 Nc6 4.Bb5 Nge7 5.O-O a6 6.Bxc6 Nxc6 7.d4 cxd4 8.
Nxd4 Be7 9.Nxc6 bxc6 10.e5 O-O 11.Ne4 f6 12.exf6 Bxf6 13.Qd6 Be7 14.Qg3 d5
15.Bh6 Bf6 16.Nxf6+ Qxf6 17.Bd2 e5 18.Rfe1 e4 19.Bc3 d4 20.Bb4 Re8 21.c3 
a5 22.Bc5 dxc3 23.bxc3 Ba6 24.Bd4 Qf7 25.Re3 Re6 26.h4 Bc4 27.h5 Rd8 28.
Qg4 Rd5 29.Rb1 h6 30.Rb8+ Kh7 31.Rg3 Rg5 32.Qh4 Rxg3 33.Qxg3 Re7 34.Qg4 
Bxa2 35.Bxg7 Re8 36.Qg6+ Qxg6 37.hxg6+ Kxg7 38.Rxe8 a4 39.Rc8 Bd5 40.Ra8 
Bb3 41.Ra6 Kxg6 42.Rxc6+ Kg5 43.Ra6 Kf4 44.g3+ Kf3 45.c4 Bxc4 46.Rxa4 Bd3 
47.Ra8 Kg4 48.Rg8+ Kf5 49.Kg2 Be2 50.Kh3 Bd1 51.Kh4 Be2 52.Rc8 h5 53.Rc5+ 
Kg6 54.Rg5+ Kh6 55.Re5 Bf3 56.Re6+ Kg7 57.Kg5 Kf7 58.Rf6+ Ke7 59.Rxf3 1-0

[Event "5th American Continental"]
[Site "Sao Paulo BRA"]
[Date "2009.07.26"]
[Round "2.49"]
[White "Mesias Rojas, Rabindranath"]
[Black "Rodi, Luis Ernesto"]
[Result "1/2-1/2"]
[WhiteElo "2189"]
[BlackElo "2375"]
[EventDate "2009.07.25"]
[PlyCount "88"]

1.f4 g6 2.Nf3 Bg7 3.g3 d5 4.Bg2 c6 5.Nc3 h5 6.d3 Nh6 7.O-O d4 8.Ne4 Nf5 9.
Qe1 h4 10.g4 h3 11.gxf5 hxg2 12.Rf2 Bxf5 13.Rxg2 Qb6 14.Ng3 Bh3 15.Rf2 f6 
16.e3 dxe3 17.Qxe3 Qxe3 18.Bxe3 Nd7 19.Re1 Kf7 20.Bd4 c5 21.Bc3 b6 22.Ng5+
Kf8 23.Nxh3 Rxh3 24.Rfe2 Re8 25.Ne4 e5 26.Nd6 Re6 27.fxe5 Nxe5 28.Bxe5 
fxe5 29.Rf1+ Kg8 30.Ne4 Rh5 31.Ref2 Re7 32.Kg2 Rh8 33.h3 Bh6 34.Nf6+ Kg7 
35.Ng4 Bf4 36.Re2 g5 37.Rfe1 Rhe8 38.Kf3 Kg6 39.Kg2 Re6 40.Rd1 Kf5 41.Ne3+
Bxe3 42.Rxe3 Rd6 43.Rf3+ Kg6 44.h4 gxh4 1/2-1/2

[Event "5th American Continental"]
[Site "Sao Paulo BRA"]
[Date "2009.07.26"]
[Round "2.50"]
[White "Duarte, Leonardo"]
[Black "Pertuzatti, Daniel"]
[Result "1/2-1/2"]
[WhiteElo "2373"]
[BlackElo "2011"]
[EventDate "2009.07.25"]
[PlyCount "108"]

1.e4 Nf6 2.e5 Nd5 3.d4 d6 4.Nf3 Bg4 5.Be2 e6 6.O-O Be7 7.c4 Nb6 8.Nc3 Nc6 
9.exd6 cxd6 10.b3 O-O 11.Be3 Bf6 12.Rc1 Rc8 13.h3 Bxf3 14.Bxf3 d5 15.c5 
Nd7 16.Nb5 b6 17.Qd2 bxc5 18.dxc5 Rb8 19.Nd4 Nde5 20.Nxc6 Nxc6 21.Rb1 Nb4 
22.a3 d4 23.Bf4 e5 24.axb4 exf4 25.Ra1 Qc7 26.Ra4 d3 27.Qxd3 Rfd8 28.Qa6 
Rd7 29.Bg4 Re7 30.Qc4 g6 31.Bf3 Kg7 32.b5 Re5 33.b4 Qd7 34.Bc6 Qe7 35.Raa1
Rd8 36.Bf3 Re6 37.Ra2 Rd4 38.Qb3 Re1 39.Ra1 Rxa1 40.Rxa1 Rxb4 41.Qxb4 Bxa1
42.Kf1 Be5 43.Qc4 Bc7 44.Qd4+ Qe5 45.Qxe5+ Bxe5 46.b6 axb6 47.cxb6 Kf6 48.
Bd5 h5 49.h4 Ke7 50.Ke2 f6 51.Be4 g5 52.Bf3 gxh4 53.Bxh5 Kd7 54.Bf3 Kc8 
1/2-1/2

[Event "5th American Continental"]
[Site "Sao Paulo BRA"]
[Date "2009.07.26"]
[Round "2.52"]
[White "Madeira, Wagner Martins"]
[Black "Molina, Roberto Junio Brito"]
[Result "1/2-1/2"]
[WhiteElo "2184"]
[BlackElo "2370"]
[EventDate "2009.07.25"]
[PlyCount "69"]

1.e4 c6 2.c4 d5 3.exd5 cxd5 4.cxd5 Qxd5 5.Nc3 Qd6 6.d4 Nf6 7.Nf3 e6 8.Ne5 
Be7 9.Bf4 Qd8 10.Bb5+ Bd7 11.Nxd7 Nbxd7 12.O-O a6 13.Be2 Nb6 14.Bf3 Nfd5 
15.Be5 O-O 16.Qb3 Qd7 17.a4 a5 18.Qb5 Rfd8 19.Nxd5 Nxd5 20.Qxd7 Rxd7 21.
Rfc1 Rad8 22.Kf1 Bb4 23.Rc2 f6 24.Bg3 Be7 25.Rac1 Kf7 26.Rc8 Rxc8 27.Rxc8 
Bd8 28.Bxd5 Rxd5 29.Bc7 Bxc7 30.Rxc7+ Kg6 31.Rxb7 Rxd4 32.b3 Rd2 33.Rb5 
Rb2 34.Rxa5 Rxb3 35.Ke2 1/2-1/2

[Event "5th American Continental"]
[Site "Sao Paulo BRA"]
[Date "2009.07.26"]
[Round "2.54"]
[White "Nunes, Allan Hurba"]
[Black "Blanco, Cristobal"]
[Result "1-0"]
[WhiteElo "1976"]
[BlackElo "2361"]
[EventDate "2009.07.25"]
[PlyCount "81"]

1.d4 d5 2.c4 c6 3.Nf3 Nf6 4.e3 e6 5.Bd3 Nbd7 6.Nbd2 Bd6 7.O-O Qc7 8.e4 
dxe4 9.Nxe4 Nxe4 10.Bxe4 Nf6 11.Bc2 Bd7 12.Re1 O-O-O 13.c5 Be7 14.Bg5 Be8 
15.b4 h5 16.Qd2 Rd5 17.Bb3 Rf5 18.Bc2 Rd5 19.Bb3 Rf5 20.Bc2 Rxf3 21.gxf3 
h4 22.Bf4 Qd8 23.h3 Nd5 24.Bh2 g5 25.Bd3 Bd7 26.a4 Rg8 27.Kh1 Nf4 28.Bxf4 
gxf4 29.Rg1 Bg5 30.Kh2 Kb8 31.b5 f6 32.Bc4 Re8 33.Rab1 Ka8 34.a5 cxb5 35.
Bxb5 Bxb5 36.Rxb5 Qd5 37.Qd3 Qa2 38.Qe4 Re7 39.c6 a6 40.cxb7+ Kb8 41.Qc6 
1-0

[Event "5th American Continental"]
[Site "Sao Paulo BRA"]
[Date "2009.07.26"]
[Round "2.55"]
[White "Toth, Christian Endre"]
[Black "Van Riemsdijk, Marius Rombout"]
[Result "1-0"]
[WhiteElo "2357"]
[BlackElo "1854"]
[EventDate "2009.07.25"]
[PlyCount "47"]

1.d4 Nf6 2.c4 g6 3.Nc3 Bg7 4.e4 d6 5.Be2 O-O 6.Bg5 Nbd7 7.Qd2 c5 8.d5 a6 
9.a4 Re8 10.Nf3 Ng4 11.O-O Nde5 12.Ne1 f5 13.h3 Nf6 14.exf5 Bxf5 15.g4 Bd7
16.f4 Nf7 17.Nf3 e6 18.Bd3 Qc8 19.Rae1 exd5 20.Bxf6 Bxf6 21.Nxd5 Bd4+ 22.
Nxd4 Rxe1 23.Rxe1 cxd4 24.Ne7+ 1-0

[Event "5th American Continental"]
[Site "Sao Paulo BRA"]
[Date "2009.07.26"]
[Round "2.56"]
[White "Ferreira, Euclides Roberto"]
[Black "Oliveira, Silvio Eduardo"]
[Result "0-1"]
[WhiteElo "1960"]
[BlackElo "2357"]
[EventDate "2009.07.25"]
[PlyCount "56"]

1.e4 c5 2.Nf3 Nc6 3.d4 cxd4 4.Nxd4 Nf6 5.Nc3 d6 6.Be2 e5 7.Nb3 Be7 8.O-O 
O-O 9.f4 exf4 10.Bxf4 Be6 11.Qe1 a5 12.Qg3 a4 13.Bh6 Ne8 14.Nd2 Bh4 15.Qe3
gxh6 16.Nf3 Bg5 17.Qf2 a3 18.Nxg5 hxg5 19.b3 Ne5 20.Rad1 Rc8 21.Nb5 Rxc2 
22.Nd4 Qc8 23.Nxc2 Qxc2 24.Bb5 Qxe4 25.Rd4 Qg6 26.Ra4 Nc7 27.Qb6 Nxb5 28.
Qxb5 Bd7 0-1

[Event "5th American Continental"]
[Site "Sao Paulo BRA"]
[Date "2009.07.26"]
[Round "2.58"]
[White "Almeida, Heitor de"]
[Black "Soto Vega, Jorge"]
[Result "1/2-1/2"]
[WhiteElo "1958"]
[BlackElo "2341"]
[EventDate "2009.07.25"]
[PlyCount "88"]

1.d4 Nf6 2.c4 e5 3.dxe5 Ng4 4.Nf3 Bc5 5.e3 Nc6 6.a3 a5 7.Qd5 Qe7 8.Nc3 
Ngxe5 9.Ne4 Ba7 10.Bd2 d6 11.Bc3 O-O 12.c5 Be6 13.cxd6 Bxd5 14.dxe7 Rfe8 
15.Nxe5 Bxe4 16.Nxc6 Bxc6 17.Bc4 Rxe7 18.O-O Bc5 19.Rfd1 Bd6 20.Bd5 Bxd5 
21.Rxd5 b6 22.Rad1 Kf8 23.h3 f6 24.Kf1 Ke8 25.Rh5 h6 26.Rhd5 Rd7 27.Ke2 
Rad8 28.a4 c6 29.R5d3 Bc7 30.Rxd7 Rxd7 31.Rxd7 Kxd7 32.Kd3 b5 33.b3 Ke6 
34.e4 Kd6 35.g4 Kc5 36.h4 Kb6 37.Bd2 g5 38.hxg5 hxg5 39.Bc3 Be5 40.Bd2 c5 
41.Be3 Kc6 42.Kd2 Bh2 43.f3 Bg3 44.Kd1 Be5 1/2-1/2

[Event "5th American Continental"]
[Site "Sao Paulo BRA"]
[Date "2009.07.26"]
[Round "2.62"]
[White "Vescovi, Giovanni"]
[Black "Bibiloni, Jorge Jaime"]
[Result "1-0"]
[WhiteElo "2631"]
[BlackElo "2109"]
[EventDate "2009.07.25"]
[PlyCount "111"]

1.d4 d5 2.c4 e6 3.Nc3 c5 4.cxd5 exd5 5.Nf3 Nc6 6.g3 Nf6 7.Bg2 Be7 8.O-O 
O-O 9.b3 Bg4 10.dxc5 Bxc5 11.Bb2 a6 12.Rc1 Ba7 13.Na4 Ne4 14.Nd4 Rc8 15.
Rxc6 Rxc6 16.Nxc6 bxc6 17.Qd3 Qe7 18.e3 Re8 19.f3 Nd2 20.fxg4 Bxe3+ 21.Kh1
Nxf1 22.Bxf1 Ba7 23.Kg2 Qe1 24.Bd4 Bxd4 25.Qxd4 Qb1 26.Qf2 Qe4+ 27.Qf3 
Qc2+ 28.Qf2 Qe4+ 29.Kg1 a5 30.h3 Qb4 31.Nc5 Qc3 32.Nd3 d4 33.Nf4 Re3 34.
Kg2 a4 35.Bc4 axb3 36.axb3 Qe1 37.Ne2 Qxf2+ 38.Kxf2 c5 39.Nf4 Re7 40.Nd3 
Rc7 41.Kf3 Kf8 42.Ke4 Re7+ 43.Kf4 Re3 44.g5 f6 45.gxf6 gxf6 46.Nxc5 Ke7 
47.Ne6 f5 48.Ng7 Re4+ 49.Kxf5 Re1 50.Nh5 Kd6 51.Nf6 h6 52.Ne4+ Kc6 53.Ke5 
Rh1 54.h4 Rd1 55.Nf2 Rg1 56.g4 1-0

[Event "5th American Continental"]
[Site "Sao Paulo BRA"]
[Date "2009.07.26"]
[Round "2.63"]
[White "Mourao, Igor A. C. Lofredo"]
[Black "Hernandez Carmenates, Holden"]
[Result "0-1"]
[WhiteElo "2041"]
[BlackElo "2573"]
[EventDate "2009.07.25"]
[PlyCount "92"]

1.c4 e5 2.Nc3 Nf6 3.g3 Bb4 4.Bg2 O-O 5.d3 Bxc3+ 6.bxc3 h6 7.e4 d6 8.Ne2 
Nc6 9.O-O Nh7 10.f4 f5 11.c5 fxe4 12.cxd6 Qxd6 13.Bxe4 Nf6 14.Bg2 Be6 15.
fxe5 Nxe5 16.Nf4 Bf7 17.d4 Nc6 18.Nd3 Bd5 19.Bf4 Qa3 20.Qc1 Qxc1 21.Bxd5+ 
Nxd5 22.Raxc1 Rf7 23.Bd2 Rxf1+ 24.Rxf1 Nb6 25.Re1 Rc8 26.Bf4 Nd5 27.Bd2 
Na5 28.Ne5 Nb6 29.Ng6 Rd8 30.Bf4 Rd7 31.Re2 Nac4 32.Bd2 Nd5 33.Be1 Rd6 34.
Ne5 Re6 35.Kf2 Nxe5 36.dxe5 Kf7 37.Kf3 Rc6 38.Ke4 Nxc3+ 39.Bxc3 Rxc3 40.
Kf5 g6+ 41.Ke4 Ke6 42.Rf2 Rc4+ 43.Kd3 Rg4 44.Rc2 c6 45.Rc5 Rb4 46.h4 Rg4 
0-1

[Event "5th American Continental"]
[Site "Sao Paulo BRA"]
[Date "2009.07.26"]
[Round "2.64"]
[White "Mecking, Henrique"]
[Black "Roland, Marcos Maldonado"]
[Result "1-0"]
[WhiteElo "2556"]
[BlackElo "2155"]
[EventDate "2009.07.25"]
[PlyCount "65"]

1.d4 Nf6 2.c4 e6 3.Nc3 Bb4 4.e3 b6 5.Ne2 Ba6 6.a3 Bxc3+ 7.Nxc3 d5 8.b4 
Bxc4 9.Bxc4 dxc4 10.Qe2 c5 11.dxc5 Qd3 12.Nb5 Na6 13.cxb6 axb6 14.Bb2 Qd5 
15.Qxc4 O-O 16.Qxd5 Nxd5 17.Rc1 Rfd8 18.Ke2 h6 19.Rhd1 Rac8 20.e4 Rxc1 21.
Bxc1 Nac7 22.Rxd5 exd5 23.Nxc7 dxe4 24.Be3 Rd6 25.a4 f5 26.b5 f4 27.Bxf4 
Rd4 28.Be3 Rxa4 29.Bxb6 Kf7 30.Bc5 Rc4 31.Na6 Ra4 32.Ke3 Ke6 33.b6 1-0

[Event "5th American Continental"]
[Site "Sao Paulo BRA"]
[Date "2009.07.26"]
[Round "2.65"]
[White "Barrientos Chavarriaga, Sergio"]
[Black "Cella, Glaucio Dalla Cortt"]
[Result "1-0"]
[WhiteElo "2474"]
[BlackElo "2044"]
[EventDate "2009.07.25"]
[PlyCount "83"]

1.e4 c5 2.Nf3 Nc6 3.d4 cxd4 4.Nxd4 Nf6 5.Nc3 e5 6.Ndb5 d6 7.Bg5 a6 8.Na3 
b5 9.Nd5 Be7 10.Bxf6 Bxf6 11.c4 b4 12.Nc2 Rb8 13.Be2 O-O 14.Qd3 Bg5 15.O-O
f5 16.Bf3 Kh8 17.b3 f4 18.a3 bxa3 19.b4 Ne7 20.Nxe7 Bxe7 21.Rxa3 Be6 22.
Rfa1 Rc8 23.Rc3 Qb6 24.Qe2 Qb7 25.Re1 Rc6 26.Bg4 Bg8 27.Rd1 Rb8 28.Rb1 Rb6
29.Kf1 Qc6 30.Qd3 Qa4 31.Ra1 Qc6 32.Rb1 Qa4 33.g3 Bg5 34.Kg2 Qc6 35.Re1 
Bh6 36.Bd1 Be6 37.f3 Rc8 38.c5 dxc5 39.Rxc5 Qa8 40.Rxc8+ Bxc8 41.Qd5 Qxd5 
42.exd5 1-0

[Event "5th American Continental"]
[Site "Sao Paulo BRA"]
[Date "2009.07.26"]
[Round "2.66"]
[White "Liascovich, Lucas"]
[Black "Mata, Luis Carlos da"]
[Result "1-0"]
[WhiteElo "2444"]
[BlackElo "2079"]
[EventDate "2009.07.25"]
[PlyCount "139"]

1.d4 Nf6 2.Nf3 e6 3.c4 b6 4.g3 Ba6 5.Nbd2 Bb7 6.Bg2 c5 7.O-O cxd4 8.b3 Be7
9.Bb2 O-O 10.Re1 Qc7 11.Nxd4 Bxg2 12.Kxg2 a6 13.e4 d6 14.f4 Nc6 15.N2f3 
Nxd4 16.Nxd4 Rfd8 17.a4 Rac8 18.Qf3 Qb7 19.Re2 Bf8 20.g4 d5 21.exd5 exd5 
22.Nf5 Rd7 23.Bxf6 gxf6 24.cxd5 Qxd5 25.Rf1 Rc6 26.Qxd5 Rxd5 27.Rf3 Rc8 
28.Rfe3 h5 29.Rg3 hxg4 30.Ne3 Rd3 31.Nxg4 Rxg3+ 32.Kxg3 f5 33.Nf6+ Kg7 34.
Nd5 Bc5 35.Re5 Kg6 36.h4 f6 37.Re6 Bd4 38.Ne7+ Kf7 39.Nxc8 Kxe6 40.b4 b5 
41.axb5 axb5 42.h5 Bc3 43.Na7 Be1+ 44.Kf3 Ke7 45.Nxb5 Bxb4 46.Nd4 Kf7 47.
Nxf5 Bf8 48.Ke4 Ba3 49.Ne3 Bf8 50.Nf5 Ba3 51.Kf3 Bc5 52.Kg4 Kg8 53.Ng3 Kh7
54.Ne4 Bd4 55.Kf5 Kg7 56.Ke6 Bb2 57.f5 Kh6 58.Nxf6 Kg5 59.Nd7 Kxh5 60.Ne5 
Kh6 61.f6 Kh7 62.f7 Kg7 63.Ng6 Ba3 64.Ne7 Kf8 65.Nf5 Bb2 66.Ne3 Ba3 67.Nc4
Be7 68.Ne3 Ba3 69.Kf6 Bb2+ 70.Kg6 1-0

[Event "5th American Continental"]
[Site "Sao Paulo BRA"]
[Date "2009.07.26"]
[Round "2.68"]
[White "Gonzalez, Bolivar Ribeiro"]
[Black "Mello, Rodrigo de"]
[Result "1-0"]
[WhiteElo "2292"]
[BlackElo "1819"]
[EventDate "2009.07.25"]
[PlyCount "61"]

1.e4 c6 2.d4 d5 3.Nd2 dxe4 4.Nxe4 Bf5 5.Ng3 Bg6 6.f4 e6 7.Nf3 Nf6 8.Bc4 
Bd6 9.Qe2 O-O 10.c3 Qc7 11.Ne5 Nbd7 12.O-O c5 13.h4 Bf5 14.Nh1 Be4 15.Nf2 
Bd5 16.Bd3 cxd4 17.cxd4 Qb6 18.Be3 Rfc8 19.g4 Nf8 20.g5 N6d7 21.Nfg4 Nxe5 
22.fxe5 Bb8 23.h5 Qd8 24.Rf2 Rc7 25.Raf1 a6 26.b3 Ba7 27.Rh2 Bc6 28.Qf2 
Rd7 29.Rh4 Rc8 30.h6 Ng6 31.hxg7 1-0

[Event "5th American Continental"]
[Site "Sao Paulo BRA"]
[Date "2009.07.26"]
[Round "2.73"]
[White "Souza, Marcos Valerio"]
[Black "Baccarin, Natalia Viaro"]
[Result "0-1"]
[WhiteElo "2169"]
[BlackElo "1939"]
[EventDate "2009.07.25"]
[PlyCount "106"]

1.e4 c5 2.Nf3 Nc6 3.d4 cxd4 4.Nxd4 Nf6 5.Nc3 e5 6.Ndb5 d6 7.Bg5 a6 8.Na3 
b5 9.Nd5 Be7 10.Bxf6 Bxf6 11.c3 O-O 12.Nc2 Bg5 13.Be2 Kh8 14.O-O f5 15.
exf5 Bxf5 16.a4 bxa4 17.Rxa4 a5 18.Nce3 Bxe3 19.Nxe3 Be6 20.Bf3 Rc8 21.Nd5
Rb8 22.Qd2 Rb5 23.Ne3 d5 24.c4 dxc4 25.Qxd8 Nxd8 26.Nxc4 Bxc4 27.Rxc4 Ne6 
28.Ra1 Rxb2 29.Bg4 Nd4 30.f4 Nc2 31.Rc1 Ne3 32.Rc8 Rb8 33.Rxf8+ Rxf8 34.
Bf3 exf4 35.Rc5 a4 36.Ra5 Rc8 37.Rxa4 g5 38.Ra7 Rc1+ 39.Kf2 Rc2+ 40.Kg1 
Rc1+ 41.Kf2 Rc2+ 42.Kg1 g4 43.Be4 Re2 44.Rxh7+ Kg8 45.Ra7 f3 46.gxf3 Rg2+ 
47.Kh1 Rf2 48.Ra1 gxf3 49.Kg1 Ng4 50.Rf1 Rg2+ 51.Kh1 Rxh2+ 52.Kg1 f2+ 53.
Rxf2 Rxf2 0-1

[Event "5th American Continental"]
[Site "Sao Paulo BRA"]
[Date "2009.07.26"]
[Round "2.75"]
[White "Brandao, Renan Alves"]
[Black "Macias Murillo, Bryan"]
[Result "0-1"]
[WhiteElo "1995"]
[BlackElo "2335"]
[EventDate "2009.07.25"]
[PlyCount "80"]

1.d4 Nf6 2.c4 c5 3.d5 b5 4.cxb5 a6 5.bxa6 Bxa6 6.Nc3 d6 7.g3 g6 8.Bg2 Bg7 
9.Nf3 O-O 10.O-O Nbd7 11.Rb1 Qa5 12.Bd2 Rfb8 13.b3 Qc7 14.h3 Nb6 15.Nh2 
Qd7 16.Re1 Ne8 17.a4 Nc7 18.Ng4 Bb7 19.Nh6+ Kf8 20.e4 c4 21.Qf3 Qe8 22.Qe3
Bc8 23.a5 Rxa5 24.Na4 Rb5 25.Nxb6 R8xb6 26.Ba5 Rxb3 27.Rxb3 Rxb3 28.Qf4 
Nb5 29.Bf1 Nd4 30.Bxc4 Ra3 31.Bb4 g5 32.Qc1 Ra4 33.Bd2 Nf3+ 34.Kg2 Nxe1+ 
35.Bxe1 Bxh6 36.Bb5 Bxh3+ 37.Kxh3 Qxb5 38.Qc8+ Qe8 39.Qf5 Kg8 40.Bc3 Rc4 
0-1

[Event "5th American Continental"]
[Site "Sao Paulo BRA"]
[Date "2009.07.26"]
[Round "2.76"]
[White "Deus Filho, Joaquim de"]
[Black "Santiago, Yago de Moura"]
[Result "0-1"]
[WhiteElo "1990"]
[BlackElo "2327"]
[EventDate "2009.07.25"]
[PlyCount "62"]

1.e4 c5 2.Nc3 d6 3.f4 g6 4.Nf3 Bg7 5.Bb5+ Bd7 6.Bc4 Nc6 7.a4 Nd4 8.Nxd4 
cxd4 9.Ne2 Bc6 10.d3 d5 11.Bb5 Bxb5 12.axb5 Qb6 13.Ra3 Nh6 14.h3 O-O 15.g4
f6 16.Rb3 Rad8 17.Ng3 dxe4 18.dxe4 Nf7 19.Qd3 Bh6 20.O-O Kh8 21.h4 e5 22.
f5 Bxc1 23.Rxc1 Nh6 24.g5 fxg5 25.hxg5 gxf5 26.exf5 Rg8 27.Kg2 Rxg5 28.Qe4
Qf6 29.Re1 Nxf5 30.Rh1 Rdg8 31.Rh3 Qg7 0-1

[Event "5th American Continental"]
[Site "Sao Paulo BRA"]
[Date "2009.07.26"]
[Round "2.77"]
[White "Mandetta, Joao Danilo Grobman"]
[Black "Cuevas Araya, Walter"]
[Result "1-0"]
[WhiteElo "1987"]
[BlackElo "2317"]
[EventDate "2009.07.25"]
[PlyCount "115"]

1.c4 Nf6 2.Nc3 e6 3.Nf3 b6 4.g3 Bb7 5.Bg2 Be7 6.d4 d5 7.cxd5 exd5 8.O-O 
O-O 9.Bg5 Nbd7 10.Rc1 c5 11.e3 c4 12.Nd2 Rc8 13.Qc2 h6 14.Bxf6 Nxf6 15.Qf5
a6 16.e4 dxe4 17.Ndxe4 Bxe4 18.Bxe4 Nxe4 19.Qxe4 Bg5 20.Rcd1 b5 21.a3 Re8 
22.Qb7 Re6 23.Qf3 Be7 24.Ne4 a5 25.d5 Ra6 26.Qf5 g6 27.Qf4 f5 28.Nc3 Bg5 
29.Qf3 b4 30.Nb5 Bf6 31.d6 Rc5 32.Nc7 Rxc7 33.dxc7 Qxc7 34.Qd5+ Qf7 35.Qb5
Ra7 36.Rd5 bxa3 37.bxa3 c3 38.Rc5 Bd4 39.Rc8+ Kh7 40.Qc4 Rd7 41.Qxf7+ Rxf7
42.Rd1 Bg7 43.a4 f4 44.gxf4 Rxf4 45.Rd7 Rd4 46.Rxd4 Bxd4 47.Rc7+ Kg8 48.
Kf1 Kf8 49.Ke2 Ke8 50.h3 Kd8 51.Rc6 Kd7 52.Rxg6 c2 53.Kd2 Bxf2 54.Kxc2 h5 
55.Rg5 h4 56.Rxa5 Kc6 57.Rb5 Kd6 58.Kd3 1-0

[Event "5th American Continental"]
[Site "Sao Paulo BRA"]
[Date "2009.07.26"]
[Round "2.78"]
[White "D`Israel, Davy Maurice"]
[Black "Nery Junior, Jose Antonio"]
[Result "1-0"]
[WhiteElo "2240"]
[BlackElo "1986"]
[EventDate "2009.07.25"]
[PlyCount "95"]

1.d4 Nf6 2.c4 c5 3.d5 e6 4.Nc3 exd5 5.cxd5 d6 6.e4 g6 7.Nf3 Bg7 8.Bd3 O-O 
9.h3 b5 10.Bxb5 Nxe4 11.Nxe4 Qa5+ 12.Nfd2 Qxb5 13.Nxd6 Qa6 14.N2c4 Nd7 15.
O-O Nb6 16.Nxb6 axb6 17.Nxc8 Rfxc8 18.d6 Rd8 19.Qd5 b5 20.Bf4 Bxb2 21.Qxc5
Ba3 22.Qg5 Bxd6 23.Rad1 Qa3 24.Rfe1 Rd7 25.Qxb5 Rad8 26.Re8+ Kg7 27.Rxd6 
Rxe8 28.Be5+ Kg8 29.Rxd7 Qxa2 30.Rb7 Qa8 31.Rb8 Rxb8 32.Qxb8+ Qxb8 33.Bxb8
f6 34.Kf1 Kf7 35.Ke2 Ke6 36.Ke3 Kd5 37.Ba7 Ke6 38.Ke4 Kd6 39.Bd4 Ke6 40.
Bc5 Kf7 41.Kd5 Kg7 42.Ke6 f5 43.Bd4+ Kh6 44.Kf6 Kh5 45.Kg7 h6 46.Kf6 f4 
47.Be3 g5 48.Bxf4 1-0

[Event "5th American Continental"]
[Site "Sao Paulo BRA"]
[Date "2009.07.26"]
[Round "2.79"]
[White "Barrera Meza, Carlos"]
[Black "Reis, Ernesto Guevara"]
[Result "1-0"]
[WhiteElo "2177"]
[BlackElo "1985"]
[EventDate "2009.07.25"]
[PlyCount "49"]

1.e4 c5 2.Nf3 d6 3.d4 cxd4 4.Nxd4 Nf6 5.Nc3 a6 6.Bc4 e6 7.Bg5 Be7 8.Bb3 
O-O 9.O-O Qc7 10.Qf3 Nc6 11.Rad1 Nxd4 12.Rxd4 Qc5 13.Be3 Qh5 14.Qxh5 Nxh5 
15.a4 h6 16.Rfd1 Nf6 17.h3 e5 18.Rc4 Re8 19.Rc7 Rb8 20.Ba7 Ra8 21.Be3 b5 
22.axb5 axb5 23.Nxb5 Nxe4 24.Bd5 Rb8 25.Bxe4 1-0

[Event "5th American Continental"]
[Site "Sao Paulo BRA"]
[Date "2009.07.26"]
[Round "2.80"]
[White "Gomez, Gustavo Pizzocaro"]
[Black "Neto, Eugenio Herbst"]
[Result "1-0"]
[WhiteElo "2173"]
[BlackElo "1976"]
[EventDate "2009.07.25"]
[PlyCount "61"]

1.d4 Nf6 2.Nf3 g6 3.g3 Bg7 4.Bg2 d6 5.O-O O-O 6.c4 Bg4 7.h3 Bxf3 8.Bxf3 
Nc6 9.e3 Nd7 10.Nc3 e5 11.Ne2 Qf6 12.Bg4 Nb6 13.c5 h5 14.cxb6 hxg4 15.hxg4
axb6 16.d5 Nb8 17.Nc3 Qe7 18.e4 Nd7 19.b4 f5 20.gxf5 gxf5 21.exf5 Rxf5 22.
Ne4 Raf8 23.Be3 Rf4 24.Qc2 Rg4 25.f3 Rg6 26.g4 Bh6 27.Bxh6 Rxh6 28.Kg2 Nf6
29.Qd2 Qg7 30.Ng3 e4 31.g5 1-0

[Event "5th American Continental"]
[Site "Sao Paulo BRA"]
[Date "2009.07.26"]
[Round "2.82"]
[White "Condori Aranya, Edwin"]
[Black "Camara, Jose Arruda"]
[Result "1-0"]
[WhiteElo "2160"]
[BlackElo "1975"]
[EventDate "2009.07.25"]
[PlyCount "101"]

1.c4 e5 2.g3 Nf6 3.Bg2 Be7 4.Nc3 c6 5.d4 exd4 6.Qxd4 O-O 7.Bf4 d5 8.cxd5 
cxd5 9.Nf3 Nc6 10.Qa4 Qa5 11.Qxa5 Nxa5 12.O-O Bf5 13.Nd4 Be4 14.Nxe4 dxe4 
15.Rfd1 Nc4 16.Nf5 Bd8 17.b3 Nb6 18.Nd6 Nbd5 19.Nxe4 Nxe4 20.Rxd5 Nc3 21.
Rd2 Bf6 22.Rc1 Rad8 23.Rcc2 b6 24.Bf3 h6 25.Kf1 Rxd2 26.Bxd2 Nb5 27.e3 Rd8
28.Ke2 Re8 29.Kf1 Rd8 30.Bb4 a5 31.Be1 Rb8 32.Rc6 Na3 33.Bd5 Nb5 34.a4 Na3
35.Rc7 Nb1 36.Bxf7+ Kf8 37.Bg6 Na3 38.b4 Kg8 39.bxa5 bxa5 40.Bxa5 Bd8 41.
Ra7 Bxa5 42.Rxa5 Nc4 43.Rc5 Nd2+ 44.Ke2 Nb3 45.Rc2 Kf8 46.h4 Na5 47.h5 Nb7
48.e4 Na5 49.e5 Nb3 50.Ke3 Rb4 51.e6 1-0

[Event "5th American Continental"]
[Site "Sao Paulo BRA"]
[Date "2009.07.26"]
[Round "2.84"]
[White "Utiyama, Marcel Heimar Ribeiro"]
[Black "Aoyama, Edmundo"]
[Result "1-0"]
[WhiteElo "2146"]
[BlackElo "1963"]
[EventDate "2009.07.25"]
[PlyCount "101"]

1.e4 d6 2.d4 Nf6 3.Nc3 g6 4.Be3 c6 5.f3 Nbd7 6.Bd3 b5 7.Nge2 Bb7 8.O-O Bg7
9.Qd2 a6 10.Nd1 O-O 11.Bh6 c5 12.c3 Qb6 13.Nf2 e5 14.d5 a5 15.b3 b4 16.Bc2
Ba6 17.c4 a4 18.Ng3 Ne8 19.Ng4 Qd8 20.Bg5 f6 21.Bh6 Qe7 22.h4 Nb6 23.h5 
Bc8 24.Bxg7 Qxg7 25.Nh6+ Kh8 26.hxg6 Qxg6 27.Kf2 Qg5 28.Qxg5 fxg5 29.Ngf5 
Bxf5 30.Nxf5 Rf6 31.Rh1 Ng7 32.Nh6 Raf8 33.Rh2 Rf4 34.Rah1 R8f6 35.Nf7+ 
Kg8 36.Nxg5 h5 37.Ke3 Rg6 38.g3 Rf8 39.f4 exf4+ 40.gxf4 Re8 41.e5 Rxg5 42.
fxg5 Rxe5+ 43.Kf4 Kf7 44.Rf2 Ke7 45.Rhf1 a3 46.g6 Nd7 47.Kg3 h4+ 48.Kh3 
Nh5 49.Rf7+ Ke8 50.Kxh4 Ndf6 51.R7xf6 1-0

[Event "5th American Continental"]
[Site "Sao Paulo BRA"]
[Date "2009.07.26"]
[Round "2.85"]
[White "Baptista, Igor Lucas"]
[Black "Monteiro Neto, Cesidio Rocha"]
[Result "0-1"]
[WhiteElo "1969"]
[BlackElo "2145"]
[EventDate "2009.07.25"]
[PlyCount "63"]

1.e4 c5 2.Nc3 g6 3.f4 Bg7 4.Nf3 Nc6 5.Bc4 e6 6.d3 Nge7 7.O-O d5 8.Bb3 O-O 
9.Qe1 Na5 10.Qh4 Nxb3 11.axb3 Nc6 12.Qf2 Nd4 13.Kh1 b6 14.Nxd4 cxd4 15.Ne2
dxe4 16.dxe4 Qd7 17.Rd1 Qc7 18.Ng3 h5 19.h4 Bf6 20.e5 Bxh4 21.Rxd4 Be7 22.
Ne4 Bb7 23.Be3 Rfd8 24.Rc4 Qd7 25.Nf6+ Bxf6 26.exf6 Qd5 27.Rd4 Qf5 28.Rxa7
Bd5 29.Rda4 Rac8 30.c4 Bc6 31.Ra8 Rd3 32.Kh2 0-1